The way of all flesh : Novel
Gardado en:
| Autor Principal: | |
|---|---|
| Formato: | Libro |
| Idioma: | Undetermined |
| Publicado: |
New York
Doubleday, Doran & company, inc.,
1944
|
| Những chủ đề: | |
| Các nhãn: |
Engadir etiqueta
Sen Etiquetas, Sexa o primeiro en etiquetar este rexistro!
|
| Thư viện lưu trữ: | Trung tâm Học liệu Trường Đại học Cần Thơ |
|---|
| LEADER | 00499nam a2200181Ia 4500 | ||
|---|---|---|---|
| 001 | CTU_47267 | ||
| 008 | 210402s9999 xx 000 0 und d | ||
| 082 | |a 823 | ||
| 082 | |b B986 | ||
| 100 | |a Butler, Samuel | ||
| 245 | 4 | |a The way of all flesh : | |
| 245 | 0 | |b Novel | |
| 245 | 0 | |c Samuel Butler | |
| 260 | |a New York | ||
| 260 | |b Doubleday, Doran & company, inc., | ||
| 260 | |c 1944 | ||
| 650 | |a English fiction,Tiểu thuyết Anh | ||
| 980 | |a Trung tâm Học liệu Trường Đại học Cần Thơ | ||